Les 20 villes les plus peuplées du Doubs (25) - Statistiques

Statistiques générales
  • Ce quiz a été pris 115 fois
  • Le résultat moyen est 10 sur 20
Statistiques - réponses
HINT HINT ANSWER % Correct
120 057 B Besançon
100%
25 516 M Montbéliard
96%
17 928 P Pontarlier
94%
14 009 A Audincourt
71%
6 905 M Morteau
71%
5 715 V Valdahon
59%
4 421 O Ornans
56%
10 624 V Valentigney
54%
4 226 M Maîche
49%
3 772 S Sochaux
49%
5 064 B Baume-les-Dames
43%
5 059 S Saint-Vit
36%
5 812 S Seloncourt
33%
3 711 É Étupes
28%
5 248 V Villers-le-Lac
27%
5 288 B Bethoncourt
26%
4 672 M Mandeure
24%
3 566 B Bavans
21%
5 865 G Grand-Charmont
20%
3 971 P Pont-de-Roide-Vermondans
8%
Aucun quiz correspondant
Distribution des résultats
% des personnes avec chaque résultat
Percentile par nombre de réponses
Votre historique - résultats
Vous n’avez pas pris ce quiz